BSOP header

Religion, reason and revelation / (Record no. 6798)

MARC details
000 -LEADER
fixed length control field 00523nam a2200169 4500
008 - FIXED-LENGTH DATA ELEMENTS--GENERAL INFORMATION
fixed length control field 020529s1986 us engCO
090 #0 - LOCALLY ASSIGNED LC-TYPE CALL NUMBER (OCLC); LOCAL CALL NUMBER (OCLC)
Classification number (OCLC) (R) ; Classification number, CALL (RLIN) (NR) BR100
Local cutter number (OCLC) ; Book number/undivided call number, CALL (RLIN) C54r
100 1# - MAIN ENTRY--PERSONAL NAME
Personal name Clark, Gordon H.
245 10 - TITLE STATEMENT
Title Religion, reason and revelation /
Statement of responsibility, etc Gordon H. Clark
260 ## - PUBLICATION, DISTRIBUTION, ETC. (IMPRINT)
Place of publication, distribution, etc Maryland :
Name of publisher, distributor, etc Trinity Foundation,
Date of publication, distribution, etc c1986.
300 ## - PHYSICAL DESCRIPTION
Extent 264 p.
490 1# - SERIES STATEMENT
Series statement Trinity paper
650 #4 - SUBJECT ADDED ENTRY--TOPICAL TERM
Topical term or geographic name as entry element Christianity and philosophy.
650 #4 - SUBJECT ADDED ENTRY--TOPICAL TERM
Topical term or geographic name as entry element Good and evil.
951 ## - EQUIVALENCE OR CROSS-REFERENCE-GEOGRAPHIC NAME/AREA NAME [OBSOLETE] [CAN/MARC only]
General subdivision 00013271
950 0# - LOCAL HOLDINGS (RLIN)
-- .95/3.18
951 ## - EQUIVALENCE OR CROSS-REFERENCE-GEOGRAPHIC NAME/AREA NAME [OBSOLETE] [CAN/MARC only]
-- 11348
-- BR100/C54r
-- 070613111106171
-- 2000-12-21
-- GC
Holdings
Withdrawn status Lost status Damaged status Not for loan Home library Current library Shelving location Date acquired Accession number Shelving control number Total Checkouts Full call number Barcode Date last seen Price effective from Koha item type
        BSOP Library BSOP Library GC 12/21/2000 11348 127   BR100/C54r 00013271 02/23/2013 02/23/2013 Books
BSOP

Biblical Seminary of the Philippines
  All rights Reserved
  © 2024

CONTACT INFORMATION

Biblical Seminary of the Philippines,
  77-B Karuhatan Road, Valenzuela City,
  PHILIPPINES 1441
  Phone: +632 8292-6795 / 8292-6798
  Fax : +632 8292-6675
  Email: library@bsop.edu.ph